| 000 -CABECERA |
| Campo de control de longitud fija |
00568nam a22001817a 4500 |
| 008 - CAMPO FIJO DE DESCRIPCIÓN FIJA--INFORMACIÓN GENERAL |
| Campo de control de longitud fija |
210916b ||||| |||| 00| 0 eng d |
| 020 ## - ISBN (INTERNATIONAL STANDARD BOOK NUMBER) |
| ISBN |
9788417941130 |
| 040 ## - FUENTE DE CATALOGACIÓN |
| Agencia de catalogación original |
CDMR |
| 100 ## - ENCABEZAMIENTO PRINCIPAL--NOMBRE PERSONAL |
| 9 (RLIN) |
4653 |
| Nombre de persona |
de Juan, Nana |
| 245 ## - MENCIÓN DE TÍTULO |
| Título |
Crónicas impertinentes desde mi confín |
| Mención de responsabilidad, etc. |
Nana de Juan ; Ilustraciones de Lola García Paz |
| 250 ## - MENCIÓN DE EDICIÓN |
| Mención de edición |
2ª |
| 260 ## - PUBLICACIÓN, DISTRIBUCIÓN, ETC (PIE DE IMPRENTA) |
| Lugar de publicación, distribución, etc. |
Sevilla |
| Nombre del editor, distribuidor, etc. |
Samarcanda |
| Fecha de publicación, distribución, etc. |
2020 |
| 300 ## - DESCRIPCIÓN FÍSICA |
| Extensión |
264 pàgines |
| Dimensiones |
22 cm |
| 600 #0 - ASIENTO SECUNDARIO DE MATERIA--NOMBRE PERSONAL |
| 9 (RLIN) |
4653 |
| Nombre de persona |
de Juan, Nana |
| Subdivisión general |
Biografia |
| 650 #0 - ASIENTO SECUNDARIO DE MATERIA--TÉRMINO DE MATERIA |
| 9 (RLIN) |
4656 |
| Nombre de materia o nombre geográfico como elemento de entrada |
COVID-19 (Malaltia) |
| Subdivisión general |
Diaris íntims |
| 700 ## - ENCABEZAMIENTO SECUNDARIO--NOMBRE PERSONAL |
| 9 (RLIN) |
4654 |
| Nombre de persona |
García Paz, Lola |
| 942 ## - ELEMENTOS KOHA |
| Fuente de clasificación o esquema de ordenación en estanterías |
|
| Koha tipo de item |
Monografies |